| 000 | 00709nam a2200121Ia 4500 | ||
|---|---|---|---|
| 008 | 220615s9999||||xx |||||||||||||| ||und|| | ||
| 100 | _aFujita, Koji||Boeckx, Cedric | ||
| 245 | 0 |
_aChapter 1 Introduction _bThe biolinguistic program: a new beginning |
|
| 546 | _aEnglish[eng] | ||
| 650 | _aBehavioral Sciences, Psychological Science, Biopsychology, Cognitive Psychology, Evolutionary Psychology, Neuropsychology, Language & Literature, Language & Linguistics, Linguistics, Cognitive Linguistics, Theoretical Linguistics, Psycholinguistics, Bioscience, Biology, Genetics, Human Biology, Neuroscience | ||
| 856 | _uhttps://library.oapen.org/bitstream/20.500.12657/37326/1/9781138891722_OAChapter1.pdf | ||
| 942 | _cEB | ||
| 999 |
_c9320 _d9320 |
||